000 00889nam a2200241 a 4500
001 69451
003 BD-RjUL
005 20211209081906.0
008 730730r19591956xx a 001 0 eng
035 _a(BD-RjUL)69663
040 _aDLC
_cOKentU
_dUk
_dDLC
_dBD-RjUL
_beng
041 _aeng
082 _223
_a677.02832
_bMEC 1959
245 1 4 _aThe mechanical properties of textile fibres /
_cR Meredith
260 _aAmsterdam :
_bNorth-Holland Pub. Co.,
_c1956 [reprinted 1959]
300 _a333 p. :
_bill. ;
_c24 cm.
490 0 _aDeformation and flow; monographs on the rheological behaviour of natural and synthetic products
504 _aIncludes Bibliography and index
650 0 _aTextile fibers.
_9205719
700 _aMeredith, R.
_9205720
830 _aDeformation and flow; monographs on the rheological behaviour of natural and synthetic products
_9205722
942 _2ddc
_cBK
999 _c69451
_d69451